Kỹ thuật quản lý sức khỏe cá trong ao nuôi

Guardado en:
Detalles Bibliográficos
Formato: Libro
Lenguaje:Undetermined
Publicado: Thành phố Hồ Chí Minh Nông nghiệp 2003
Materias:
Etiquetas: Agregar Etiqueta
Sin Etiquetas, Sea el primero en etiquetar este registro!
Thư viện lưu trữ: Trung tâm Học liệu Trường Đại học Cần Thơ
LEADER 00513nam a2200169Ia 4500
001 CTU_161072
008 210402s9999 xx 000 0 und d
082 |a 639.31 
082 |b K600 
245 0 |a Kỹ thuật quản lý sức khỏe cá trong ao nuôi 
245 0 |c Biên soạn: Từ Thanh Dung 
260 |a Thành phố Hồ Chí Minh 
260 |b Nông nghiệp 
260 |c 2003 
650 |a Fish culture 
904 |i Giang 
980 |a Trung tâm Học liệu Trường Đại học Cần Thơ